Logo BPK

Biblioteka

Politechniki Koszalińskiej

Marketing / (Rekord nr 47625)

Szczegóły MARC
000 -ETYKIETA REKORDU
podpole kontrolne o stałej długości 00653nam a2200217 i 4500
001 - NUMER KONTROLNY REKORDU
pole kontrolne bgj
020 ## - MIĘDZYNARODOWY ZNORMALIZOWANY NUMER KSIĄŻKI - ISBN
ISBN 0023344016
040 ## - ŹRÓDŁO KATALOGOWANIA
Instytucja, która utworzyła rekord BPK
041 ## - KOD JĘZYKA
Kod języka tekstu eng
920 ## - Międzynarodowy znormalizowany numer książki – ISBN
ISBN 0-02-334401-6
008 - POLE O STAŁEJ DŁUGOŚCI - DANE KONTROLNE
podpole kontrolne o stałej długości s uk f |000 0 eng
100 1# - NAZWA OSOBOWA
Nazwa osobowa EVANS, Joel R.
245 10 - TYTUŁ/ODPOWIEDZIALNOŚĆ
Tytuł Marketing /
Pozostałe elementy strefy tytułu i oznaczenia odpowiedzialności Joel R. Evans, Barry Berman.
250 ## - STREFA WYDANIA
Oznaczenie wydania 4th edition.
260 ## - STREFA ADRESU WYDAWNICZEGO
Miejsce wydania New York ;
-- London :
Nazwa wydawcy/dystrybutora Macmillan Publishing Company :
-- Collier Macmillan Publishers,
Data publikacji, dystrybucji/powstania dokumentu c. 1990.
300 ## - STREFA OPISU FIZYCZNEGO
Objętość XXIX, 780, A79, I30 :
Inne cechy fizyczne ill. ;
Rozmiary 26 cm.
505 ## - SFORMALIZOWANA UWAGA DOTYCZĄCA ZAWARTOŚCI
Pełny tekst uwagi Includes index and bibliographical references.
650 #9 - HASŁO PRZEDMIOTOWE W FORMIE NAZWY OGÓLNEJ LUB JEDNOSTKOWEJ
Nazwa ogólna lub geograficzna Marketing
700 1# - HASŁO DODATKOWE - NAZWA OSOBOWA
Nazwa osobowa BERMAN, Barry.
Określenie związku między hasłem a opisywanym materiałem co-author
856 ## - LOKALIZACJA I DOSTĘP DO ELEKTRONICZNYCH DOKUMENTÓW ZDALNYCH
Link (URL) http://koha.tu.koszalin.pl/cgi-bin/koha/opac-detail.pl?biblionumber=47625
Tekst linku Katalog online BPK
942 ## - DODATKOWE ELEMENTY (KOHA)
Typ dokumentu Książka
Egzemplarze
Wycofany Status egzemplarza Uszkodzony Dostępność Lokalizacja stała Lokalizacja bieżąca Miejsce przechowywania Sygnatura Kod kreskowy Typ dokumentu
      Dostępny Biblioteka Politechniki Koszalińskiej Biblioteka Politechniki Koszalińskiej Wypożyczalnia Językowa KA 4041 09088948 Książka
      Dostępny Biblioteka Politechniki Koszalińskiej Biblioteka Politechniki Koszalińskiej Wypożyczalnia Językowa KA 4042 09088955 Książka
© 2023 Biblioteka Politechniki Koszalińskiej :: KOHA